ছোটদের ব্যাডেন পাওয়েল / (Record no. 13341)
[ view plain ]
| 000 -LEADER | |
|---|---|
| fixed length control field | 00817nam a2200241 a 4500 |
| 001 - CONTROL NUMBER | |
| JCCL Control Number | 13341 |
| 003 - CONTROL NUMBER IDENTIFIER | |
| JCCL marc code | BD-JhCC |
| 005 - DATE AND TIME OF LATEST TRANSACTION | |
| control field | 20230904114409.0 |
| 008 - FIXED-LENGTH DATA ELEMENTS--GENERAL INFORMATION | |
| fixed length control field | 230904s20102013bg a|||| |||| 000 0 ben d |
| 020 ## - INTERNATIONAL STANDARD BOOK NUMBER | |
| International Standard Book Number | 9789848802328 |
| 035 ## - SYSTEM CONTROL NUMBER | |
| system control number | (BD-JhCC)13341 |
| 040 ## - CATALOGING SOURCE | |
| Original cataloging agency | BD-JhCC |
| Modifying agency | BD-JhCC |
| 041 ## - LANGUAGE CODE | |
| Language code of Book | ben |
| 082 ## - DEWEY DECIMAL CLASSIFICATION NUMBER | |
| Classification number | 369.43092 |
| Author mark and Year | MAS 2013 |
| 100 ## - MAIN ENTRY--PERSONAL NAME | |
| Personal name | মাসুম, নুরুল্লাহ |
| 245 ## - TITLE STATEMENT | |
| Title | ছোটদের ব্যাডেন পাওয়েল / |
| Statement of responsibility, etc | নুরুল্লাহ মাসুম |
| 260 ## - PUBLICATION, DISTRIBUTION, ETC. (IMPRINT) | |
| Place of publication, distribution, etc | ঢাকা : |
| Name of publisher, distributor, etc | সিঁড়ি প্রকাশন, |
| Date of publication, distribution, etc | ২০১৩। |
| 300 ## - PHYSICAL DESCRIPTION | |
| Pagination | ৮৭ পৃ. : |
| Other physical details | চিত্রবলী; |
| Dimensions | ২১ সেমি. |
| 600 ## - SUBJECT ADDED ENTRY--PERSONAL NAME | |
| Personal name | Baden-Powell, Baron |
| Dates associated with a name | 1857-1941 |
| 650 ## - SUBJECT ADDED ENTRY--TOPICAL TERM | |
| Topical term or geographic name as entry element | Boy Scouts |
| 650 ## - SUBJECT ADDED ENTRY--TOPICAL TERM | |
| Topical term or geographic name as entry element | Scout Association |
| 942 ## - ADDED ENTRY ELEMENTS (KOHA) | |
| Source of classification or shelving scheme | Dewey Decimal Classification |
| Koha item type | Books |
| Source of classification or shelving scheme | Damaged status | Not for loan | Home library | Current library | Shelving location | Date of accession | Cost, normal purchase price | Total Checkouts | Full call number | Barcode | Date last seen | Copy number | Method of acquisition | Koha item type | Currency |
|---|---|---|---|---|---|---|---|---|---|---|---|---|---|---|---|
| Dewey Decimal Classification | JCC Rouf Library | JCC Rouf Library | General Stacks | 06/23/2023 | 105.00 | 369.43092 MAS 2013 | 18215 | 09/04/2023 | C-1 | Purchase | Books | BDT |